La legibilidad del mundo / Hans Blumenberg
Este libro con su titular es un eco, a dos siglos de distancia, de la pregunta fundamental de la Crítica de la razón pura de Kant: ¿Qué podemos saber? Ante lo cual, la metaforicidad toma un papel fundamental, entendida como esa forma de dar respuesta a lo que podemos saber sobre nosotros mismos excl...
保存先:
| 第一著者: | |
|---|---|
| フォーマット: | 図書 |
| 言語: | Undetermined |
| 出版事項: |
Buenos Aires, Argentina
Paidós
2000
|
| 主題: | |
| タグ: |
タグ追加
タグなし, このレコードへの初めてのタグを付けませんか!
|
MARC
| LEADER | 00000nam a2200000Ia 4500 | ||
|---|---|---|---|
| 008 | 170316s9999 xx 000 0 und d | ||
| 040 | |a cru BVZT | ||
| 090 | |a 100 B-43.1L | ||
| 100 | |a Blumenberg, Hans |9 1885 | ||
| 245 | |a La legibilidad del mundo |b / Hans Blumenberg | ||
| 260 | |a Buenos Aires, Argentina |b Paidós |c 2000 | ||
| 300 | |a 413 páginas | ||
| 520 | |a Este libro con su titular es un eco, a dos siglos de distancia, de la pregunta fundamental de la Crítica de la razón pura de Kant: ¿Qué podemos saber? Ante lo cual, la metaforicidad toma un papel fundamental, entendida como esa forma de dar respuesta a lo que podemos saber sobre nosotros mismos exclusivamente mediante la metáfora. En este sentido, los diferentes apartados temáticos abordan una serie de problemas comprendidos en metáforas como el Mundo de los libros y el libro del mundo, el cielo como libro, el libro del mundo vacío, etc. | ||
| 650 | |a FILOSOFÍA |9 5 | ||
| 650 | |a HERMENÉUTICA |9 1886 | ||
| 650 | |a TEXTO |9 1055 | ||
| 650 | |a SIGNO |9 1887 | ||
| 999 | |c 15729 |d 15729 | ||
| 942 | |c 15 D |h 100 B-43.1L |2 z | ||
